| 000 | 00653nam a22002177a 4500 | ||
|---|---|---|---|
| 999 |
_c9990 _d9990 |
||
| 003 | AR-CdUCM | ||
| 008 | 190329b ||||| |||| 00| 0 spa d | ||
| 020 | _a978-607-32-3631-7 | ||
| 040 |
_aMUNICIPALIDAD PROVINCIAL DEL CUSCO _cBIBLIOTECA MUNICIPAL DEL CUSCO |
||
| 082 |
_aPI / 803 / _bL22 |
||
| 100 |
_aLantigua, Liset _926570 |
||
| 245 | _aÉstas son mis manos / | ||
| 260 |
_aMéxico : _bPEARSON, _c2016. |
||
| 300 |
_bilustraciones a color, _c20 cm. |
||
| 500 | _aNo cuenta con numeración impresa. | ||
| 650 |
_aCuentos infantiles _914480 |
||
| 650 |
_aSiglo XX _98 |
||
| 700 |
_aZapata, Sofía _926571 |
||
| 942 |
_2ddc _cLIBROS |
||
| 945 | _araen | ||